On This Day (August 12th) Multiple Choice - Statistics

General Stats
  • This quiz has been taken 12 times
  • The average score is 6 of 15
Answer Stats
Question Answer % Correct
1949 – Mark Knopfler, Scottish-English singer-songwriter, guitarist, and producer is born. He is best known as the founder of which band ? Dire Straits
67%
1793 – The Rhône and Loire départments of France are created when which former département is split into two ? Rhône-et-Loire
67%
1499 – First engagement of the Battle of Zonchio between Venetian ships and a fleet from which other empire ? Ottoman Empire
56%
1851 – Isaac Singer is granted a patent for which invention ? Sewing Machine
56%
1964 – Which country is banned from the Olympic Games due to it's racist policies ? South Africa
56%
1990 – "Sue", the largest and most complete Tyrannosaurus rex skeleton found to date, is discovered by Sue Hendrickson in which US state ? South Dakota
56%
1914 – World War I: The United Kingdom declares war on which nation prompting the countries of the British Empire to follow suit ? Austria-Hungary
33%
1953 – The Soviet atomic bomb project continues with the detonation of "RDS-6s", the first Soviet thermonuclear bomb. What did the US call the bomb ? Joe 4
33%
1952 – The Night of the Murdered Poets: Thirteen prominent Jewish intellectuals are murdered in which city ? Moscow
33%
1944 – Which city is liberated by General Philippe Leclerc de Hauteclocque, the first city in France to be liberated from the Nazis by French forces ? Alençon
22%
1492 – Christopher Columbus arrives in island group on his first voyage to the New World ? Canary Islands
22%
Today is known in the UK as the "Glorious Twelfth". It marks the traditional start of the shooting season for which game bird ? Grouse
22%
1981 – A Personal Computer is released by which company ? IBM
22%
1806 – Santiago de Liniers, 1st Count of Buenos Aires re-takes the city of Buenos Aires, Argentina after the first invasion by which nation ? United Kingdom
22%
1883 – The last quagga dies at the Natura Artis Magistra, a zoo in Amsterdam, Netherlands. What animal was the quagga a sub species of ? Zebra
11%
No matching quizzes found
Score Distribution
Percent of People with Each Score
Percentile by Number Answered
Your Score History
You have not taken this quiz